000 00320 a2200157 4500
001 44421
020 _a858803803x
040 _cAnchieta - Aquarius
100 _aCouto, Aline Pupato
240 1 0 _a*A casa
_lpor
245 1 0 _a*A casa
300 _a13
362 0 _a2001
650 4 _aLiteratura infantil
942 _cBK
999 _c44421
_d44421